| 000 | 01107nam a2200301 4500 | ||
|---|---|---|---|
| 001 | 0000013967 | ||
| 003 | CO-CtgCURN | ||
| 005 | 20250516151228.0 | ||
| 007 | ta | ||
| 008 | 160627s1984 000 0 eng d | ||
| 020 | _a9586040240 | ||
| 040 |
_aCO-CtgCURN _bspa _ccoctgcurn |
||
| 082 | 0 |
_a347.4 _bD86d |
|
| 100 | 1 | _aDupichot, Jacques. | |
| 245 | 1 | 0 |
_aDerecho de las obligaciones / _cJacques Dupichot , traducción Rosangela Calle. |
| 260 |
_aBogotá : _bTemis, _c1984. |
||
| 300 | _aix, 129 p. | ||
| 336 | _2rdacontent | ||
| 337 |
_2rdamedia _asin mediacion _bn |
||
| 338 |
_2rdacarrier _avolumen _bnc |
||
| 500 | _aTitulo original: Le droit des obligations. | ||
| 505 | 8 | _aFuentes de credito.--Del acto juridico.--El hecho juridico: La responsabilidad civil.-- Efectos del vinculo crediticio.--La condicion del acreedor durante la espera del pago.--Extincion del credito | |
| 650 | 1 | 4 | _aObligaciones (Derecho) |
| 700 | 1 |
_aCalle, Rosangela, _eTraductor. |
|
| 908 | _a160627 | ||
| 942 |
_cBK _h347.4 _iD86d _2ddc _n0 |
||
| 999 |
_c20404 _d20404 |
||